00286nam a22001097a 450000500170000002000180001708200180003510000220005324500490007526000410012430000110016520260323141930.0 a9798893650242 a591.568 FER.P aFerguson, Brendan aPhysiology and ecology of animal migration / aNew York:bMurphy and Moore,cc2025. a230 p.